000 00443nam a2200157 4500
001 144331
003 ES-MaACL
007 t|
008 070214s1901 fr r ||||1| fre d
100 1 _aSighele, Scipio.
_9106306
245 1 3 _aLa foule criminelle
_b: essai de psychologie collective /
_cScipio Sighele.
250 _a2 ยช. ed.
260 _aParis :
_bCh. Herissey,
_c1901.
300 _aII, 300 p. ;
_c23 cm.
852 _aES-MaACL
_jB-7158
999 _c144331
_d144331